Humanitarian intervention / A history (Record no. 14827)
[ view plain ]
| 000 -LEADER | |
|---|---|
| fixed length control field | 01602nam a22001577a 4500 |
| 020 ## - INTERNATIONAL STANDARD BOOK NUMBER | |
| International Standard Book Number | 9781107020238 |
| 040 ## - CATALOGING SOURCE | |
| Original cataloging agency | 0 |
| 082 ## - DEWEY DECIMAL CLASSIFICATION NUMBER | |
| Classification number | 341.584 |
| 100 1# - MAIN ENTRY--PERSONAL NAME | |
| Personal name | Brendan Simms |
| 245 10 - TITLE STATEMENT | |
| Title | Humanitarian intervention / A history |
| Statement of responsibility, etc. | Brendan Simms ed. |
| 260 ## - PUBLICATION, DISTRIBUTION, ETC. | |
| Place of publication, distribution, etc. | [New York] : |
| Name of publisher, distributor, etc. | Cambridge University Press, |
| Date of publication, distribution, etc. | 2011. |
| 300 ## - PHYSICAL DESCRIPTION | |
| Extent | 408 p. ; |
| Dimensions | 21 cm. |
| 520 ## - SUMMARY, ETC. | |
| Summary, etc. | A singular development of the post Cold-War era is the use of military force to protect human beings. From Rwanda to Kosovo, Sierra Leone to East Timor, and more recently Libya to C�te d'Ivoire, soldiers have rescued some civilians in some of the world's most notorious war zones. Could more be saved? Drawing on over two decades of research, Thomas G. Weiss answers "yes" and provides a persuasive introduction to the theory and practice of humanitarian intervention in the modern world. He examines political, ethical, legal, strategic, economic, and operational dimensions and uses a wide range of cases to highlight key debates and controversies. The updated and expanded second edition of this succinct and highly accessible survey is neither celebratory nor complacent. The author locates the normative evolution of what is increasingly known as "the responsibility to protect" in the context of the global war on terror, UN debates, and such international actions as Libya. The result is an engaging exploration of the current dilemmas and future challenges for robust international humanitarian action in the twenty-first century. |
| 856 40 - ELECTRONIC LOCATION AND ACCESS | |
| Materials specified | Amazon.com |
| Uniform Resource Identifier | <a href="http://www.amazon.com/exec/obidos/ASIN/0745659810/chopaconline-20">http://www.amazon.com/exec/obidos/ASIN/0745659810/chopaconline-20</a> |
| 942 ## - ADDED ENTRY ELEMENTS (KOHA) | |
| Source of classification or shelving scheme | |
| Koha item type | Book |
| Withdrawn status | Lost status | Damaged status | Not for loan | Collection code | Permanent Location | Current Location | Shelving location | Date acquired | Total Checkouts | Full call number | Barcode | Date last seen | Price effective from | Koha item type |
|---|---|---|---|---|---|---|---|---|---|---|---|---|---|---|
| Centre for International Peace & Stability (CIPS) | Centre for International Peace & Stability (CIPS) | General Stacks | 10/01/2013 | 341.584 SIM 2011 | CIPS0001307 | 10/22/2013 | 10/22/2013 | Book |
